[Event "GER-ch U14"]
[Site "Willingen"]
[Date "2024.05.24"]
[Round "8"]
[White "Kaplan, Arne"]
[Black "Thuemler, Floris"]
[Result "1-0"]
[WhiteElo "1753"]
[BlackElo "1938"]
[PlyCount "63"]
[EventDate "2024.05.19"]
[EventType "swiss"]
[EventRounds "9"]
[EventCountry "GER"]
[SourceTitle "CBM 220 Extra"]
[Source "ChessBase"]
[SourceDate "2024.07.31"]
[SourceVersion "1"]
[SourceVersionDate "2024.07.31"]
[SourceQuality "1"]

1. e4 e5 2. Nf3 Nc6 3. Bc4 Nf6 4. Ng5 d5 5. exd5 Na5 6. Bb5+ c6 7. dxc6 bxc6 8. Qf3 Be7 9. d3 0-0 10. Ba4 Bb7 11. Nc3 c5 12. Qg3 h6 13. Nge4 Nxe4 14. dxe4 Qd6 15. 0-0 Rfd8 16. Be3 Kh7 17. Rfd1 Qe6 18. Qf3 Rac8 19. Nd5 Nc4 20. Bb3 Nxe3 21. Nxe3 c4 22. Nxc4 Rxd1+ 23. Rxd1 Rxc4 24. Bxc4 Qxc4 25. Qf5+ g6 26. Qxe5 Qxc2 27. Rf1 Bc5 28. Qe8 Bxf2+ 29. Rxf2 Qd1+ 30. Rf1 Qd4+ 31. Kh1 h5 32. Qxf7+ 1-0

[Event "GER-ch U14"]
[Site "Willingen"]
[Date "2024.05.23"]
[Round "7"]
[White "Kaplan, Arne"]
[Black "Henn, Jakob"]
[Result "0-1"]
[WhiteElo "1753"]
[BlackElo "1759"]
[PlyCount "64"]
[EventDate "2024.05.19"]
[EventType "swiss"]
[EventRounds "9"]
[EventCountry "GER"]
[SourceTitle "CBM 220 Extra"]
[Source "ChessBase"]
[SourceDate "2024.07.31"]
[SourceVersion "1"]
[SourceVersionDate "2024.07.31"]
[SourceQuality "1"]

1. e4 e6 2. d4 d5 3. Nc3 Nf6 4. Bg5 dxe4 5. Nxe4 Be7 6. Bxf6 gxf6 7. Nf3 f5 8. Ng3 a6 9. Bd3 b5 10. a4 b4 11. Ne5 0-0 12. Ne2 c5 13. g4 f6 14. Nc4 fxg4 15. h3 Bb7 16. Rg1 Bf3 17. hxg4 Rf7 18. dxc5 Nc6 19. Nd6 Bxd6 20. cxd6 Ne5 21. Qd2 Qb6 22. Nd4 Qxd6 23. g5 f5 24. g6 hxg6 25. Rxg6+ Nxg6 26. Nxf3 Qf4 27. Qxf4 Nxf4 28. Bc4 Rd7 29. Ng5 Rd6 30. Rd1 Rad8 31. Rxd6 Rxd6 32. f3 Kg7 0-1